[Event "XXXVII Olimpiadi femminile"]
[Site "Torino ITA"]
[Date "2006.05.27"]
[Round "6.2"]
[White "Steil-Antoni, Fiona"]
[Black "Pintor, Ariana"]
[Result "1-0"]
[WhiteElo "1968"]
[BlackElo "2064"]
[Annotator "POR-LUX"]
[PlyCount "95"]
[EventDate "2006.05.21"]

1. e4 c6 2. d4 d5 3. Nc3 dxe4 4. Nxe4 Bf5 5. Ng3 Bg6 6. h4 h6 7. Nf3 Nd7 8. h5
Bh7 9. Bd3 Bxd3 10. Qxd3 Ngf6 11. Bf4 e6 12. O-O-O Be7 13. Ne5 Nd5 14. Bd2 Bg5
15. Ne4 Bxd2+ 16. Qxd2 N7f6 17. Rde1 Nxe4 18. Rxe4 Nf6 19. Reh4 Qd5 20. Kb1
Qxg2 21. Qb4 Nd5 22. Qxb7 O-O 23. R4h2 Qe4 24. Rh4 Qe2 25. Nd7 Rfc8 26. Rg1 Kh7
27. Rhg4 Rg8 28. Ne5 Qxf2 29. Qxc6 Ne3 30. R4g3 Nf5 31. Qe4 Rad8 32. c3 Rb8 33.
b3 Rbc8 34. Qd3 Rc7 35. Ng4 Qf4 36. Nf6+ Kh8 37. Rg4 Qh2 38. Nxg8 Kxg8 39. c4
Qxh5 40. d5 exd5 41. Qxd5 Re7 42. Rxg7+ Nxg7 43. Rxg7+ Kxg7 44. Qxh5 f6 45.
Qg4+ Kf7 46. c5 Re5 47. Qc4+ Kg6 48. c6 1-0

[Event "XXXVII Olimpiadi femminile"]
[Site "Torino ITA"]
[Date "2006.05.27"]
[Round "6.1"]
[White "Vovk, Oksana"]
[Black "Khoudgarian, Natalia"]
[Result "1-0"]
[WhiteElo "2164"]
[BlackElo "2123"]
[Annotator "DEN-CAN"]
[PlyCount "69"]
[EventDate "2006.05.21"]

1. d4 e6 2. Nf3 f5 3. g3 Nf6 4. Bg2 d5 5. O-O Bd6 6. c4 c6 7. b3 Qe7 8. Bb2 O-O
9. Nbd2 b6 10. Ne5 Bb7 11. Rc1 Na6 12. Ndf3 Ne4 13. Nd3 Rfd8 14. Qc2 Rac8 15.
Qb1 Nb4 16. Nxb4 Bxb4 17. Rfd1 a5 18. Ne5 c5 19. Bxe4 fxe4 20. a3 e3 21. axb4
exf2+ 22. Kxf2 Rf8+ 23. Kg1 Qg5 24. Qd3 axb4 25. Rf1 Rf6 26. Rxf6 gxf6 27. Nf3
Qg4 28. cxd5 Bxd5 29. dxc5 Be4 30. Qd7 Rxc5 31. Qd8+ Kf7 32. Qxf6+ Ke8 33. Ne5
Rxc1+ 34. Bxc1 Bg6 35. Nxg4 1-0

[Event "XXXVII Olimpiadi femminile"]
[Site "Torino ITA"]
[Date "2006.05.27"]
[Round "6.3"]
[White "Bekker-Jensen, Anne"]
[Black "Smith, Hazel"]
[Result "0-1"]
[WhiteElo "2015"]
[BlackElo "2035"]
[Annotator "DEN-CAN"]
[PlyCount "148"]
[EventDate "2006.05.21"]

1. d4 e6 2. c4 Nf6 3. Nc3 Bb4 4. e3 b6 5. Bd3 Bb7 6. Nge2 Bxg2 7. Rg1 Be4 8. a3
Bxc3+ 9. Nxc3 Bg6 10. e4 d6 11. Bg5 Nbd7 12. f4 h6 13. Bh4 e5 14. f5 Bh5 15.
Be2 Bxe2 16. Qxe2 exd4 17. Nd5 Kf8 18. O-O-O c6 19. Nf4 Qe8 20. Qg2 Rh7 21.
Rxd4 Qe5 22. Ne2 Ne8 23. Rgd1 Ndf6 24. Bg3 Qe7 25. Nc3 Rc8 26. Bxd6 Nxd6 27.
Rxd6 Ne8 28. Rd7 Qg5+ 29. Qd2 Rc7 30. Kb1 Qf6 31. Rxc7 Nxc7 32. Qd7 Ne8 33.
Qxa7 Qe5 34. Qxb6 g6 35. fxg6 fxg6 36. Qxc6 Kg7 37. Rd5 Qb8 38. Rd7+ Kh8 39.
Rxh7+ Kxh7 40. Qe6 Ng7 41. Qf7 Qe5 42. Qd5 Qxh2 43. e5 Qh3 44. Ne4 Qf5 45. Ka2
h5 46. Nf6+ Kh6 47. Qd2+ g5 48. Qd6 Ne6 49. Ne8 Qg6 50. Nc7 Ng7 51. e6 h4 52.
Qd5 g4 53. e7 g3 54. Qg2 Qf7 55. Qe4 g2 56. Qxh4+ Qh5 57. Qg3 Qg5 58. Qxg5+
Kxg5 59. Ne6+ Kf6 60. Nxg7 Kxe7 61. Nf5+ Kd7 62. Ne3 g1=Q 63. Nd5 Kc6 64. b4
Qc1 65. Kb3 Qb1+ 66. Kc3 Qa2 67. Ne7+ Kd7 68. Nd5 Qxa3+ 69. Kd4 Qb2+ 70. Kc5
Qf2+ 71. Kb5 Qd4 72. Nb6+ Kc7 73. c5 Qd3+ 74. Ka4 Kc6 0-1

[Event "XXXVII Olimpiadi femminile"]
[Site "Torino ITA"]
[Date "2006.05.27"]
[Round "6.1"]
[White "Ptacnikova, Lenka"]
[Black "Mira, Helene"]
[Result "1/2-1/2"]
[WhiteElo "2183"]
[BlackElo "2140"]
[Annotator "ISL-AUT"]
[PlyCount "85"]
[EventDate "2006.05.21"]

1. e4 e6 2. d3 d5 3. Nd2 Nf6 4. Ngf3 c5 5. g3 Nc6 6. Bg2 Be7 7. O-O O-O 8. Re1
dxe4 9. dxe4 e5 10. c3 Bg4 11. Qc2 Qc8 12. Nc4 Bxf3 13. Bxf3 b5 14. Ne3 c4 15.
a4 a6 16. axb5 axb5 17. Rxa8 Qxa8 18. Nd5 Bc5 19. b4 cxb3 20. Qxb3 Rb8 21.
Nxf6+ gxf6 22. Qd5 Qa7 23. Be3 Bxe3 24. Rxe3 Qb6 25. Bh5 Nd8 26. Qd1 Ne6 27.
Rd3 Rd8 28. Rd7 Rxd7 29. Qxd7 Nd8 30. Be2 Nc6 31. Bh5 Nd8 32. Be2 Nc6 33. h4
Kg7 34. Qg4+ Kf8 35. Qf5 Kg7 36. Qg4+ Kf8 37. Qd7 Kg7 38. Bh5 Nd8 39. Kg2 h6
40. Bd1 Nb7 41. Bb3 Nd6 42. Bd5 b4 43. cxb4 1/2-1/2

[Event "XXXVII Olimpiadi femminile"]
[Site "Torino ITA"]
[Date "2006.05.27"]
[Round "6.2"]
[White "Kopinits, Anna-Christina"]
[Black "Thorsteinsdottir, Gudlaug"]
[Result "0-1"]
[WhiteElo "2078"]
[BlackElo "2138"]
[Annotator "ISL-AUT"]
[PlyCount "162"]
[EventDate "2006.05.21"]

1. e4 c5 2. Nf3 e6 3. d4 cxd4 4. Nxd4 a6 5. Be2 Qc7 6. O-O Nf6 7. Nc3 Bb4 8.
Qd3 Nc6 9. Kh1 Nxd4 10. Qxd4 Bc5 11. Qd3 h5 12. f4 b5 13. e5 Ng4 14. Ne4 Bb7
15. Bxg4 hxg4 16. Be3 Qc6 17. Bxc5 Qxe4 18. Qxe4 Bxe4 19. Kg1 Rc8 20. b4 Bxc2
21. Rfc1 Be4 22. a4 Bc6 23. Bd6 f6 24. axb5 axb5 25. Rf1 f5 26. Ra7 Kf7 27.
Rfa1 Rh5 28. g3 Rch8 29. R1a2 g5 30. Rc2 Kg6 31. fxg5 f4 32. Raa2 fxg3 33. hxg3
Bd5 34. Rab2 Ra8 35. Be7 Ra3 36. Kf1 Rh1+ 37. Kf2 Rh2+ 38. Kg1 Rh1+ 39. Kf2
Rf3+ 40. Ke2 Bc4+ 41. Rxc4 bxc4 42. Rd2 c3 43. Rd1 Rh2+ 44. Ke1 c2 45. Rc1 Re3+
46. Kf1 Rd3 47. Ke1 Rhd2 48. Bc5 Rd5 49. Be3 Rh2 50. Bf4 Rb5 51. Kf1 Rxb4 52.
Kg1 Re2 53. Kf1 Rbe4 54. Ra1 Rh2 55. Kg1 Ree2 56. Rc1 Kf5 57. Kf1 Ke4 58. Ra1
Kf5 59. Rc1 Re4 60. Kg1 Rhe2 61. Kf1 Kg6 62. Ra1 Rh2 63. Kg1 Rh8 64. Rc1 Rc8
65. Kf2 Kf5 66. Kf1 Rxf4+ 67. gxf4 Kxf4 68. g6 Kxe5 69. g7 Rg8 70. Rxc2 Rxg7
71. Kg2 d5 72. Re2+ Kd6 73. Kg3 e5 74. Rh2 d4 75. Rh6+ Kd5 76. Rh8 d3 77. Kf2
g3+ 78. Kg2 Ke4 79. Rh1 d2 80. Ra1 Ke3 81. Ra3+ Ke2 0-1

[Event "XXXVII Olimpiadi femminile"]
[Site "Torino ITA"]
[Date "2006.05.27"]
[Round "6.3"]
[White "Gretarsdottir, Lilja"]
[Black "Sommer, Sonja"]
[Result "1/2-1/2"]
[WhiteElo "2013"]
[BlackElo "2047"]
[Annotator "ISL-AUT"]
[PlyCount "58"]
[EventDate "2006.05.21"]

1. c4 e5 2. g3 Nc6 3. Bg2 g6 4. Nc3 Bg7 5. e4 d6 6. Nge2 Nge7 7. d3 O-O 8. O-O
Be6 9. Nd5 a5 10. Be3 h6 11. Qd2 Kh7 12. Rae1 Ng8 13. b3 Nd4 14. f4 f5 15. fxe5
Nxe2+ 16. Qxe2 dxe5 17. Bd2 c6 18. Nc3 Qd4+ 19. Kh1 Rfd8 20. Rf3 f4 21. h3 g5
22. gxf4 gxf4 23. Na4 Qd6 24. Rd1 Bf7 25. c5 Qc7 26. Rff1 Bf8 27. Be1 Nf6 28.
Bf3 Rd4 29. Bf2 Rad8 1/2-1/2

[Event "XXXVII Olimpiadi femminile"]
[Site "Torino ITA"]
[Date "2006.05.27"]
[Round "6.1"]
[White "Hagesaether, Ellen"]
[Black "Delai, Paula Fernanda"]
[Result "1-0"]
[WhiteElo "2226"]
[BlackElo "2042"]
[Annotator "NOR-BRA"]
[PlyCount "63"]
[EventDate "2006.05.21"]

1. Nf3 g6 2. g3 Bg7 3. Bg2 c5 4. d3 Nc6 5. e4 e6 6. O-O Nge7 7. c3 d5 8. Nbd2
b6 9. Re1 Bb7 10. Qe2 Qc7 11. Rb1 O-O-O 12. b4 Bxc3 13. bxc5 bxc5 14. Bb2 Bxb2
15. Rxb2 Ba6 16. Rc1 dxe4 17. Qxe4 Bxd3 18. Qa4 Na5 19. Ng5 Rd4 20. Qa3 c4 21.
Rb5 Nec6 22. Bxc6 Nxc6 23. Qa6+ Kd8 24. Nxf7+ Qxf7 25. Qxc6 Qf6 26. Rb8+ Ke7
27. Rb7+ Kf8 28. Re1 Bf5 29. Nxc4 Bh3 30. Nd6 Qd8 31. Rd7 Qxd7 32. Qxd7 1-0

[Event "XXXVII Olimpiadi femminile"]
[Site "Torino ITA"]
[Date "2006.05.27"]
[Round "6.2"]
[White "Chaves, Joara"]
[Black "Berntsen, Sheila Barth"]
[Result "0-1"]
[WhiteElo "2035"]
[BlackElo "2159"]
[Annotator "NOR-BRA"]
[PlyCount "142"]
[EventDate "2006.05.21"]

1. e4 e5 2. Nf3 Nc6 3. Bb5 a6 4. Bxc6 dxc6 5. O-O f6 6. d3 Bg4 7. Be3 c5 8.
Nbd2 Qd7 9. Rb1 Rd8 10. h3 Be6 11. b3 g5 12. Nxe5 fxe5 13. Bxg5 Qg7 14. f4 Rd7
15. Nc4 h6 16. Bh4 exf4 17. Rxf4 Be7 18. Qh5+ Bf7 19. Qf3 Bxh4 20. Rxh4 Ne7 21.
Ne3 Qd4 22. Qf2 Ng6 23. Rg4 Rf8 24. Nf5 Qxf2+ 25. Kxf2 Ne5 26. Rf4 Be6 27. g4
Bxf5 28. Rxf5 Rxf5+ 29. gxf5 Rg7 30. Rd1 Kf7 31. c3 Kf6 32. d4 cxd4 33. cxd4
Nc6 34. Kf3 Rd7 35. Ke3 h5 36. h4 Rg7 37. Rh1 Rg2 38. a3 Na5 39. Kf3 Rg4 40. b4
Nc4 41. Rc1 b5 42. Rh1 Nd2+ 43. Ke3 Nxe4 44. Rc1 Nd6 45. Rxc7 Nxf5+ 46. Kf2
Rxd4 47. Ra7 Rd6 48. Rc7 Nxh4 49. Kg3 Nf5+ 50. Kf2 Kg5 51. Rc2 Rd3 52. Ra2 Rb3
53. Kg1 Kg4 54. Kh2 h4 55. Rg2+ Ng3 56. Rd2 Rxa3 57. Rd4+ Kg5 58. Rd8 Nf5 59.
Rg8+ Kf4 60. Rg6 Ra4 61. Kh3 Ra3+ 62. Kh2 Rb3 63. Rxa6 Rxb4 64. Rc6 Rb1 65. Rc8
b4 66. Rc4+ Kg5 67. Re4 b3 68. Ra4 b2 69. Rb4 Nd6 70. Kg2 Nc4 71. Rb5+ Kf6 0-1

[Event "XXXVII Olimpiadi femminile"]
[Site "Torino ITA"]
[Date "2006.05.27"]
[Round "6.3"]
[White "Bjerke, Silje"]
[Black "Chang, Suzana"]
[Result "1-0"]
[WhiteElo "2161"]
[BlackElo "2091"]
[Annotator "NOR-BRA"]
[PlyCount "91"]
[EventDate "2006.05.21"]

1. d4 Nf6 2. c4 e6 3. Nc3 Bb4 4. Qc2 d5 5. cxd5 exd5 6. Bg5 h6 7. Bxf6 Qxf6 8.
a3 Bxc3+ 9. Qxc3 O-O 10. e3 Bf5 11. Nf3 Rc8 12. Rc1 Nd7 13. Be2 c5 14. O-O c4
15. Nd2 b5 16. f3 Nb6 17. e4 Na4 18. Qe3 Qe7 19. Qf2 Bg6 20. b3 cxb3 21. Nxb3
Qxa3 22. Nc5 Nc3 23. e5 b4 24. Rce1 Nxe2+ 25. Rxe2 b3 26. Qe3 Rab8 27. f4 Bf5
28. h3 h5 29. g4 hxg4 30. hxg4 Bxg4 31. Rg2 Bf5 32. Qg3 g6 33. Qg5 Rxc5 34.
dxc5 Qxc5+ 35. Kh2 Be4 36. Rb2 d4 37. Rff2 a5 38. Qf6 Qc1 39. e6 Qh1+ 40. Kg3
Qg1+ 41. Rg2 Qe1+ 42. Kh2 Bxg2 43. exf7+ Kh7 44. Rxg2 Qe4 45. f8=Q Rxf8 46.
Qxf8 1-0

[Event "XXXVII Olimpiadi femminile"]
[Site "Torino ITA"]
[Date "2006.05.27"]
[Round "6.1"]
[White "Koskoska, Gabriela"]
[Black "Zapata, Karen"]
[Result "1-0"]
[WhiteElo "2220"]
[BlackElo "2236"]
[Annotator "MKD-PER"]
[PlyCount "85"]
[EventDate "2006.05.21"]

1. e4 d6 2. d4 g6 3. Nf3 Bg7 4. Nc3 c6 5. Be2 Nd7 6. O-O Qc7 7. a4 a5 8. Be3
Ngf6 9. Nd2 O-O 10. f4 Rd8 11. Qe1 e5 12. dxe5 dxe5 13. Nc4 Re8 14. Qh4 h6 15.
Rad1 Rb8 16. f5 g5 17. Qg3 Nh7 18. h4 f6 19. Nd6 Re7 20. Bc4+ Kf8 21. Qg4 Nb6
22. Bb3 Bd7 23. Bc5 Nc8 24. Qh5 Nxd6 25. Bxd6 Qb6+ 26. Kh2 Be8 27. Qe2 Bf7 28.
Bxb8 Bxb3 29. cxb3 Kg8 30. Qc4+ Kh8 31. Bd6 Re8 32. Qf7 Rg8 33. Bc7 Qc5 34. Rf3
gxh4 35. Rfd3 Ng5 36. Qh5 Qf2 37. Rd8 Qg3+ 38. Kh1 Bf8 39. Rxf8 Rxf8 40. Ne2
Qxb3 41. Qxh6+ Nh7 42. Rd7 Qg8 43. Rxh7+ 1-0

[Event "XXXVII Olimpiadi femminile"]
[Site "Torino ITA"]
[Date "2006.05.27"]
[Round "6.2"]
[White "Morales Mendoza, Luciana"]
[Black "Sekulovska, Vesna"]
[Result "1-0"]
[WhiteElo "2154"]
[BlackElo "2139"]
[Annotator "MKD-PER"]
[PlyCount "45"]
[EventDate "2006.05.21"]

1. Nf3 Nf6 2. d4 d5 3. c4 e6 4. e3 b6 5. Bd3 Bb7 6. O-O Bd6 7. Nc3 a6 8. Qe2
O-O 9. e4 dxe4 10. Nxe4 Nxe4 11. Bxe4 Bxe4 12. Qxe4 Nd7 13. Bg5 Qc8 14. Rad1
Re8 15. Rfe1 Rb8 16. Qg4 e5 17. Bh6 g6 18. Qh4 exd4 19. Nxd4 Ne5 20. Qf6 Bf8
21. Bxf8 Rxf8 22. Rxe5 Qd8 23. Qf3 1-0

[Event "XXXVII Olimpiadi femminile"]
[Site "Torino ITA"]
[Date "2006.05.27"]
[Round "6.3"]
[White "Jonoska, Katerina"]
[Black "Aliaga Fernandez, Ingrid Yadira"]
[Result "0-1"]
[WhiteElo "2051"]
[BlackElo "2019"]
[Annotator "MKD-PER"]
[PlyCount "102"]
[EventDate "2006.05.21"]

1. e4 c5 2. Nf3 d6 3. c3 Nf6 4. Be2 g6 5. O-O Bg7 6. Bb5+ Bd7 7. Bxd7+ Nbxd7 8.
Re1 O-O 9. d4 cxd4 10. cxd4 Rc8 11. Nc3 Nb6 12. Bg5 Nfd7 13. e5 dxe5 14. dxe5
f6 15. exf6 exf6 16. Be3 Nc5 17. Qe2 Qd3 18. Rad1 Qxe2 19. Rxe2 Rfe8 20. Bd4
Rxe2 21. Nxe2 Ne6 22. Bxb6 axb6 23. g3 Rc2 24. Rd2 Rxd2 25. Nxd2 f5 26. b3 b5
27. Kg2 Kf7 28. Nb1 b4 29. a3 bxa3 30. Nxa3 Nc5 31. b4 Ne6 32. Nc4 Ke7 33. h4
Kd7 34. Nc1 b5 35. Ne3 Kc6 36. Nd3 Kd6 37. h5 Bh6 38. hxg6 hxg6 39. Kf3 Nd4+
40. Kg2 Bxe3 41. fxe3 Nc2 42. Kf2 g5 43. Ke2 Kd5 44. Kd2 Na3 45. Nf2 Nc4+ 46.
Kd3 Ne5+ 47. Kc3 g4 48. Kb3 Nc4 49. e4+ fxe4 50. Nxg4 e3 51. Nh2 Ke4 0-1

[Event "XXXVII Olimpiadi femminile"]
[Site "Torino ITA"]
[Date "2006.05.27"]
[Round "6.1"]
[White "Quinn, Deborah"]
[Black "Arnetta, Maria Teresa"]
[Result "0-1"]
[WhiteElo "1813"]
[BlackElo "1992"]
[Annotator "IRL-ITA2"]
[PlyCount "122"]
[EventDate "2006.05.21"]

1. e4 e5 2. Nf3 Nc6 3. Bb5 a6 4. Ba4 Nf6 5. d3 b5 6. Bb3 Bc5 7. O-O d6 8. c3
O-O 9. Nbd2 Bg4 10. h3 Bh5 11. Re1 Qd7 12. Nf1 Nd8 13. Bg5 Ne8 14. Ng3 Bxf3 15.
Qxf3 h6 16. Bd2 Ne6 17. Nf5 Qd8 18. Qg3 Kh7 19. Be3 Bxe3 20. Qxe3 Qg5 21. Bxe6
Qxe3 22. Rxe3 fxe6 23. Ng3 c5 24. Rd1 Rc8 25. c4 Rf7 26. Rc1 Rb7 27. Re2 Rcb8
28. b3 Nf6 29. Rec2 Ng8 30. Ne2 g5 31. g3 Rf8 32. Rf1 Ne7 33. f4 gxf4 34. gxf4
Nc6 35. f5 exf5 36. exf5 Rg7+ 37. Kh2 Rg5 38. Ng3 Nd4 39. Rcf2 Kg8 40. Ne4
Rgxf5 41. Rxf5 Rxf5 42. Rg1+ Kf8 43. Rg6 Nf3+ 44. Kg3 Ne1 45. Rxd6 Rf3+ 46. Kg4
h5+ 47. Kxh5 Rxh3+ 48. Kg4 Rxd3 49. Rxa6 bxc4 50. bxc4 Rd4 51. Kf5 Rxc4 52.
Kxe5 Nd3+ 53. Kd5 Rd4+ 54. Ke6 Rxe4+ 55. Kf6 Rf4+ 56. Ke6 Nb4 57. Ra8+ Kg7 58.
a4 c4 59. Rc8 Rf6+ 60. Ke5 Rc6 61. Rb8 c3 0-1

[Event "XXXVII Olimpiadi femminile"]
[Site "Torino ITA"]
[Date "2006.05.27"]
[Round "6.1"]
[White "Shabanaj, Eglantina"]
[Black "Cast, Abigail"]
[Result "1/2-1/2"]
[WhiteElo "2140"]
[BlackElo "2116"]
[Annotator "ALB-WLS"]
[PlyCount "140"]
[EventDate "2006.05.21"]

1. d4 d5 2. c4 c6 3. Nf3 Nf6 4. g3 e6 5. Bg2 Be7 6. O-O O-O 7. Nc3 Nbd7 8. cxd5
exd5 9. a3 Re8 10. Re1 a5 11. e4 dxe4 12. Nd2 Nb6 13. Ndxe4 Nbd5 14. Nxd5 Nxd5
15. Be3 Bf5 16. Nc3 Be6 17. h4 Bf6 18. Rc1 Qd7 19. Na4 Bg4 20. Qd2 Qd6 21. Bg5
Bxg5 22. Qxg5 Nf6 23. Nb6 Rad8 24. d5 h6 25. Qd2 Rxe1+ 26. Rxe1 cxd5 27. Qxa5
Be6 28. Rd1 d4 29. Na4 d3 30. Rd2 Ng4 31. Qc5 Ne5 32. Qxd6 Rxd6 33. Nc5 b6 34.
Nxe6 fxe6 35. b3 Nd7 36. Bf1 Ne5 37. Kg2 g5 38. hxg5 hxg5 39. f4 gxf4 40. gxf4
Ng6 41. Kg3 Rd4 42. Rxd3 Rxf4 43. Bh3 Kf7 44. Rd6 Re4 45. Kf3 Re1 46. Rxb6 Ne5+
47. Kg2 Nd3 48. a4 Nf4+ 49. Kg3 Nxh3 50. Kxh3 Rg1 51. a5 e5 52. a6 e4 53. Rb4
e3 54. Re4 Ra1 55. Rxe3 Rxa6 56. Kg3 Kf6 57. Kf3 Kf5 58. Rc3 Ke5 59. Ke3 Kd5
60. Kd3 Rb6 61. Kd2 Rh6 62. Rd3+ Kc5 63. Kc3 Rh1 64. b4+ Kb5 65. Rd5+ Kc6 66.
Rg5 Kb6 67. Kc2 Rh4 68. Kb3 Rh1 69. Rg3 Kb5 70. Rg5+ Kb6 1/2-1/2

[Event "XXXVII Olimpiadi femminile"]
[Site "Torino ITA"]
[Date "2006.05.27"]
[Round "6.2"]
[White "Blackburn, Suzie G."]
[Black "Gjergji, Rozana"]
[Result "1-0"]
[WhiteElo "1779"]
[BlackElo "1986"]
[Annotator "ALB-WLS"]
[PlyCount "157"]
[EventDate "2006.05.21"]

1. d4 Nf6 2. Nf3 e6 3. Bg5 Be7 4. Nbd2 d5 5. e3 b6 6. Ne5 Bb7 7. Bd3 Nbd7 8.
Bb5 O-O 9. Nc6 Bxc6 10. Bxc6 Rb8 11. c4 dxc4 12. Nxc4 Nd5 13. Bxe7 Nxe7 14. Qa4
Nxc6 15. Qxc6 b5 16. Na5 Rb6 17. Qc2 Nb8 18. Rc1 Qd5 19. O-O Qxa2 20. Ra1 Qd5
21. Qxc7 Qa8 22. Rfc1 Na6 23. Qc3 Kh8 24. Rc2 h6 25. Rac1 Qd5 26. Qa3 Re8 27.
Nc6 Qd7 28. Ne5 Qb7 29. h3 f6 30. Ng6+ Kh7 31. Nf4 g5 32. Nd3 Kg6 33. Nc5 Nxc5
34. Rxc5 Re7 35. Rc8 b4 36. Qa4 Qa6 37. Qd1 Rbb7 38. d5 Qd6 39. Qc2+ f5 40.
dxe6 Rxe6 41. Rg8+ Rg7 42. Rxg7+ Kxg7 43. Qxf5 Rf6 44. Qc8 Rf7 45. Qa8 Qd2 46.
Rf1 Qxb2 47. Qe4 a5 48. f4 gxf4 49. exf4 Qf6 50. Rf3 Qg6 51. Qe5+ Kh7 52. Qxa5
Qb1+ 53. Kh2 Qe4 54. f5 b3 55. Qb6 Qe5+ 56. Kg1 Rxf5 57. Rxf5 Qxf5 58. Qxb3 Qe5
59. Qf7+ Kh8 60. Qg6 Qf4 61. Qg4 Qc1+ 62. Kh2 Qc7+ 63. Qg3 Qc6 64. Qf4 Qg6 65.
g4 Kh7 66. Qf5 Kg7 67. Qxg6+ Kxg6 68. Kg3 Kg5 69. h4+ Kf6 70. Kf4 Ke6 71. Ke4
Kf6 72. Kd5 Ke7 73. Ke5 Kf7 74. Kf5 Kg7 75. Ke6 Kg6 76. Ke7 Kg7 77. h5 Kg8 78.
Kf6 Kh7 79. Kf7 1-0

[Event "XXXVII Olimpiadi femminile"]
[Site "Torino ITA"]
[Date "2006.05.27"]
[Round "6.1"]
[White "Maroroa, Sue"]
[Black "Da Bosco, Carla"]
[Result "0-1"]
[WhiteElo "1934"]
[BlackElo "2050"]
[Annotator "NZL-CRC"]
[PlyCount "58"]
[EventDate "2006.05.21"]

1. e4 e6 2. d4 d5 3. exd5 exd5 4. Bd3 Nc6 5. c3 Bd6 6. Nf3 Bg4 7. O-O Qd7 8.
Re1+ Nge7 9. Bg5 O-O-O 10. Nbd2 f6 11. Bh4 Nf5 12. Bg3 Nxg3 13. hxg3 h5 14. Qa4
g5 15. b4 Kb8 16. Rab1 Nxd4 17. Qxd7 Nxf3+ 18. Nxf3 Bxd7 19. Rb2 h4 20. gxh4
gxh4 21. Nd4 Be5 22. Ne2 Rdg8 23. f4 Bd6 24. Rf1 Rg4 25. Rd2 Rhg8 26. Rf2 d4
27. a3 dxc3 28. Rc2 h3 29. g3 Rxg3+ 0-1

[Event "XXXVII Olimpiadi femminile"]
[Site "Torino ITA"]
[Date "2006.05.27"]
[Round "6.1"]
[White "Ryvova, Anna"]
[Black "Frick, Denise"]
[Result "1/2-1/2"]
[WhiteElo "2057"]
[BlackElo "1907"]
[Annotator "ICSC-RSA"]
[PlyCount "58"]
[EventDate "2006.05.21"]

1. e4 c5 2. Nc3 a6 3. g3 b5 4. Bg2 Bb7 5. d3 e6 6. f4 Nf6 7. Nf3 d5 8. e5 Nfd7
9. O-O Be7 10. Qe1 b4 11. Ne2 Nc6 12. c3 a5 13. d4 bxc3 14. bxc3 cxd4 15. Nexd4
O-O 16. g4 Nc5 17. Nxc6 Bxc6 18. Nd4 Bb7 19. f5 Nd3 20. Qg3 Nxc1 21. Raxc1 Ba6
22. Rfd1 Bc5 23. Kh1 Re8 24. fxe6 Bxd4 25. cxd4 fxe6 26. Bf1 Bxf1 27. Rxf1 Rc8
28. Qe3 Qb6 29. Qf2 Qa7 1/2-1/2

[Event "XXXVII Olimpiadi femminile"]
[Site "Torino ITA"]
[Date "2006.05.27"]
[Round "6.1"]
[White "Richards, Deborah"]
[Black "Nuritdinova, Elena"]
[Result "1-0"]
[WhiteElo "1922"]
[BlackElo "2087"]
[Annotator "JAM-TJK"]
[PlyCount "116"]
[EventDate "2006.05.21"]

1. c4 Nf6 2. Nc3 g6 3. e4 d6 4. d4 Bg7 5. Nf3 O-O 6. Be2 e5 7. O-O Nc6 8. d5
Ne7 9. Ne1 Nd7 10. Be3 f5 11. f3 f4 12. Bf2 g5 13. a4 a5 14. Nd3 b6 15. b4 Nf6
16. c5 bxc5 17. bxc5 Ng6 18. Nb5 Rf7 19. cxd6 cxd6 20. Rc1 Bb7 21. Nb2 g4 22.
Nc4 gxf3 23. Bxf3 Ra6 24. Qb3 Ne8 25. Rc2 Nh4 26. Bg4 Kh8 27. Be6 Rf8 28. Nbxd6
Bxd5 29. Bxd5 Nxd6 30. Nxd6 Rxd6 31. Bc5 Rxd5 32. Qxd5 Qxd5 33. exd5 Rd8 34. d6
Bf8 35. Rd1 Rd7 36. Ba3 Nf5 37. Rc7 Rd8 38. Bb2 Nd4 39. Bxd4 exd4 40. d7 Kg7
41. Rxd4 Kf7 42. Rc8 Be7 43. Rxf4+ Ke6 44. Rxd8 Bxd8 45. Rd4 Ke7 46. Kf1 Bc7
47. h4 Bd8 48. Ke2 Ke6 49. h5 h6 50. Kd3 Kf5 51. Re4 Kg5 52. Re8 Bf6 53. d8=Q
Bxd8 54. Rxd8 Kxh5 55. Rd5+ Kg4 56. Rxa5 h5 57. Ra8 Kg3 58. Rg8+ Kh2 1-0

[Event "XXXVII Olimpiadi femminile"]
[Site "Torino ITA"]
[Date "2006.05.27"]
[Round "6.1"]
[White "Mansour, Mariam"]
[Black "Methmali, Uluwitike Gamage Yashod"]
[Result "0-1"]
[WhiteElo "1838"]
[BlackElo "1872"]
[Annotator "UAE-SRI"]
[PlyCount "82"]
[EventDate "2006.05.21"]

1. c4 e5 2. Nc3 Nf6 3. e3 c6 4. d4 e4 5. Nge2 d5 6. cxd5 cxd5 7. Qb3 Nc6 8. Nf4
Bb4 9. Bb5 Bxc3+ 10. bxc3 O-O 11. O-O Ne7 12. Ba3 a6 13. Be2 Re8 14. c4 g5 15.
Nxd5 Nexd5 16. cxd5 Qxd5 17. Bc4 Qd7 18. Rab1 b5 19. Be2 Bb7 20. Rfc1 Bd5 21.
Qc2 Rac8 22. Bc5 Bb7 23. Qb2 Bd5 24. Bd1 h5 25. Bb3 Kh7 26. Ba3 h4 27. Rxc8
Rxc8 28. Rc1 Rg8 29. Qc3 Bxb3 30. axb3 h3 31. g3 Qg4 32. Qe1 Qf3 33. Qf1 g4 34.
Rc6 Nd5 35. Bb2 Nb4 36. Rc5 Nd3 37. Rc2 Rg5 38. Bc3 b4 39. Ba1 Ra5 40. Bb2 Nxb2
41. Rc1 Nd3 0-1

[Event "XXXVII Olimpiadi femminile"]
[Site "Torino ITA"]
[Date "2006.05.27"]
[Round "6.2"]
[White "Wijayawardena, Dangampolage M.C."]
[Black "Ebtissam, Mohamed"]
[Result "1/2-1/2"]
[WhiteElo "1872"]
[BlackElo "1797"]
[Annotator "UAE-SRI"]
[PlyCount "193"]
[EventDate "2006.05.21"]

1. d4 d5 2. c4 e6 3. Nc3 Nf6 4. Bg5 Nbd7 5. e3 Be7 6. Nf3 h6 7. Bh4 O-O 8. Qc2
a6 9. Rc1 dxc4 10. Bxc4 b5 11. Bd3 Bb7 12. Be2 Rc8 13. O-O c5 14. Qd1 Ne4 15.
Bxe7 Nxc3 16. Bxd8 Nxd1 17. Rfxd1 Rfxd8 18. dxc5 Bd5 19. b4 Bxa2 20. Rd6 Nb8
21. Rxd8+ Rxd8 22. c6 Rc8 23. c7 Nd7 24. Nd4 Bd5 25. f4 Nb6 26. Kf2 Bc4 27. Ra1
Bxe2 28. Kxe2 Ra8 29. Nxb5 Nc8 30. Nd4 Ra7 31. Rc1 Rb7 32. Rc4 Kf8 33. Nb3 Ke8
34. Na5 Ra7 35. Kd3 Kd7 36. Nc6 Rxc7 37. Nb8+ Kd6 38. Rd4+ Ke7 39. Nxa6 Ra7 40.
b5 Nd6 41. Rb4 Nxb5 42. Rxb5 Rxa6 43. Rb7+ Ke8 44. Ke4 Ra5 45. h4 f5+ 46. Kf3
Kf8 47. g4 Rc5 48. g5 hxg5 49. fxg5 Rc4 50. Kg3 Re4 51. Rb3 Kf7 52. Rd3 Kg6 53.
Rd6 Rxe3+ 54. Kf4 Re4+ 55. Kg3 Kh5 56. Rd8 Rg4+ 57. Kf3 Kxh4 58. Re8 Re4 59.
Re7 Rg4 60. Rxg7 Rxg5 61. Re7 Rg3+ 62. Kf4 Rg4+ 63. Kf3 Re4 64. Rf7 Kg5 65. Rf8
Rf4+ 66. Kg3 e5 67. Rg8+ Kf6 68. Rf8+ Ke7 69. Ra8 Rd4 70. Ra3 Kf6 71. Kf3 Kg5
72. Rb3 e4+ 73. Ke2 f4 74. Rb8 Rd6 75. Rg8+ Rg6 76. Re8 Kf5 77. Rf8+ Rf6 78.
Ra8 Rg6 79. Rf8+ Kg5 80. Re8 Kf5 81. Rf8+ Kg4 82. Re8 Kf5 83. Rf8+ Rf6 84. Ra8
f3+ 85. Ke3 Re6 86. Rf8+ Rf6 87. Re8 Re6 88. Rf8+ Ke5 89. Ra8 Kf5 90. Rf8+ Kg4
91. Rg8+ Kh3 92. Rh8+ Kg2 93. Rg8+ Kf1 94. Rf8 Ke1 95. Ra8 Kf1 96. Rf8 Kg2 97.
Rg8+ 1/2-1/2

[Event "XXXVII Olimpiadi femminile"]
[Site "Torino ITA"]
[Date "2006.05.28"]
[Round "7.1"]
[White "Zhukova, Natalia"]
[Black "Foisor, Cristina-Adela"]
[Result "1-0"]
[WhiteElo "2425"]
[BlackElo "2392"]
[Annotator "UKR-ROU"]
[PlyCount "89"]
[EventDate "2006.05.21"]

1. d4 d6 2. c4 g6 3. e4 Bg7 4. Nc3 c6 5. Nf3 a6 6. Be2 b5 7. O-O Nd7 8. a3 Bb7
9. Qc2 Qb8 10. b4 bxc4 11. Bxc4 Ngf6 12. Re1 O-O 13. Rb1 d5 14. Bf1 dxe4 15.
Nxe4 Nd5 16. Nc5 Bc8 17. Bg5 N7f6 18. Bd3 Qd6 19. Nb3 Ra7 20. Na5 Rc7 21. Rbc1
Nh5 22. Qd2 f6 23. Be3 f5 24. Bh6 Nhf4 25. Bxg7 Kxg7 26. Bf1 Ne6 27. Rc2 Nf6
28. Rec1 Nd8 29. Ne5 Ng4 30. Nxg4 fxg4 31. d5 Rf6 32. dxc6 Nf7 33. Qe3 g5 34.
Rc5 h5 35. a4 Ra7 36. Nc4 Qf4 37. b5 axb5 38. axb5 Ra2 39. Qxf4 Rxf4 40. b6 Nd6
41. Nxd6 exd6 42. Rxg5+ Kf6 43. b7 Bxb7 44. cxb7 Kxg5 45. b8=Q 1-0

[Event "XXXVII Olimpiadi femminile"]
[Site "Torino ITA"]
[Date "2006.05.28"]
[Round "7.3"]
[White "Goletiani, Rusudan"]
[Black "Gomes, Mary Ann"]
[Result "1-0"]
[WhiteElo "2371"]
[BlackElo "2239"]
[Annotator "USA-IND"]
[PlyCount "57"]
[EventDate "2006.05.21"]

1. Nf3 Nf6 2. c4 e6 3. g3 b6 4. Bg2 Bb7 5. O-O Be7 6. Nc3 O-O 7. b3 d5 8. e3 c5
9. Bb2 Nc6 10. cxd5 Nxd5 11. Nxd5 exd5 12. d4 Bf6 13. Qd2 Qe7 14. Rfd1 Rfd8 15.
Rac1 Rac8 16. Bh3 Rc7 17. Ba3 Nb8 18. dxc5 bxc5 19. Nd4 Bc8 20. Bg2 Na6 21. Nb5
Rb7 22. Qa5 Rb6 23. Nxa7 Qb7 24. Nxc8 Rxc8 25. Rxd5 Rb5 26. Qd2 Qc7 27. Bf1 Ra5
28. Bxa6 Ra8 29. Rdxc5 1-0